European Handbook of Dermatological Treatments (Record no. 1713)

MARC details
000 -LEADER
fixed length control field 01249cam a2200313 a 4500
001 - CONTROL NUMBER
control field 13319486
003 - CONTROL NUMBER IDENTIFIER
control field OSt
005 - DATE AND TIME OF LATEST TRANSACTION
control field 20210316163414.0
008 - FIXED-LENGTH DATA ELEMENTS--GENERAL INFORMATION
fixed length control field 030821s2003 gw a bf 001 0 eng
010 ## - LIBRARY OF CONGRESS CONTROL NUMBER
LC control number 2003276116
Canceled/invalid LC control number 2002015300
020 ## - INTERNATIONAL STANDARD BOOK NUMBER
International Standard Book Number 3540008780
040 ## - CATALOGING SOURCE
Original cataloging agency DNLM/DLC
Transcribing agency DLC
Modifying agency DLC
050 00 - LIBRARY OF CONGRESS CALL NUMBER
Classification number RL74
Item number .E94 2003
060 10 - NATIONAL LIBRARY OF MEDICINE CALL NUMBER
Classification number WR 39
Item number E89 2003
082 04 - DEWEY DECIMAL CLASSIFICATION NUMBER
Classification number WR100 E74k 2003
Edition number 21
100 ## - MAIN ENTRY--PERSONAL NAME
Personal name Katsambas, A. D.; Lotti, T. M.
9 (RLIN) 13974
245 00 - TITLE STATEMENT
Title European Handbook of Dermatological Treatments
250 ## - EDITION STATEMENT
Edition statement 2nd ed.
260 ## - PUBLICATION, DISTRIBUTION, ETC. (IMPRINT)
Place of publication, distribution, etc. Berlin;
Name of publisher, distributor, etc. Springer,
Date of publication, distribution, etc. c2003.
300 ## - PHYSICAL DESCRIPTION
Extent xxviii, 804 p. :
Other physical details ill. ;
Dimensions 25 cm.
504 ## - BIBLIOGRAPHY, ETC. NOTE
Bibliography, etc Includes bibliographical references and index.
650 #0 - SUBJECT ADDED ENTRY--TOPICAL TERM
Topical term or geographic name as entry element Skin Diseases
9 (RLIN) 4526
650 #0 - SUBJECT ADDED ENTRY--TOPICAL TERM
Topical term or geographic name as entry element Dermatology
9 (RLIN) 4527
856 42 - ELECTRONIC LOCATION AND ACCESS
Materials specified Publisher description
Uniform Resource Identifier http://www.loc.gov/catdir/enhancements/fy0813/2003276116-d.html
856 41 - ELECTRONIC LOCATION AND ACCESS
Materials specified Table of contents only
Uniform Resource Identifier http://www.loc.gov/catdir/enhancements/fy0813/2003276116-t.html
906 ## - LOCAL DATA ELEMENT F, LDF (RLIN)
a 7
b cbc
c origcop
d 2
e ncip
f 20
g y-gencatlg
942 ## - ADDED ENTRY ELEMENTS (KOHA)
Source of classification or shelving scheme Other/Generic Classification Scheme
Koha item type Short Loan
Holdings
Withdrawn status Lost status Source of classification or shelving scheme Damaged status Not for loan Home library Current library Date acquired Source of acquisition Inventory number Total Checkouts Full call number Barcode Date last seen Koha item type
    Other/Generic Classification Scheme     MUST Main Library MUST Main Library 05/05/2015 Purchase 04/22469   WQ100 E74k 2003 2015-1341 05/05/2015 Short Loan